000 00447nam a2200193Ia 4500
005 20250425162646.0
008 250425s9999 xx 000 0 und d
020 _a0124735568
041 _aeng
082 _a641.12
245 0 _aTECHNIQUES IN PROTEIN CHEMISTRY VII
250 _aS.E
260 _aEstados Unidos
_bACADEMIC PRESS
_c1996
260 _aSAN DIEGO
300 _a531
650 _aPROTEINAS
942 _c01
010 _a94920
999 _c233798
_d233798